000 00509 a2200157 4500
999 _c4906
_d4906
020 _a0869222155
050 0 0 _aPL8681 SHU 1981
100 1 _aShumba, Timothy C.
245 1 0 _aNehanda nyakasikana :
_bnhorido dzokunyikadzimu /
_cdzakanyorwa naTimothy C. Shumba navamwe vanyori ; dzakakokorodzwa naTicha Jongwe ; nhanganyaya naR. Nyevera.
264 _aGweru
_bMambo Press
_c1981
300 _a376 p. ;
500 _aIn Shona.
650 0 _aPrayers.
700 1 _aJongwe, Ticha.
942 _2lcc
_cBK
_h8681
_iSHU
_kPL